Príručka na praktické cvičenia z mikrobiológie teoretický úvod

Bibliographic Details
Main Authors: Slobodníková, Lívia, 1965- (Author), Kotulová, Daniela, 1939- (Author), Longauerová, Andrea (Author), Petrovičová, Anna (Author), Šimkovičová, Magda (Author), Záborská, Magdaléna, 1959- (Author)
Format: Book
Language:Slovak
PhysicalDescription:161 s. tab. 29 cm
Published: Bratislava Univerzita Komenského 2013
ISBN:9788022334051
Edition:3. vyd.
Subjects:

MARC

LEADER 00000cam a2200000 a 4500
001 vtls010527394
003 SK-MaSNL
005 20260301090053.0
008 240314s2013 xo a e n 000 0 slo
015 |a SNBA2013/08 
020 |a 9788022334051  |q (brož.) 
035 |a 4AF3145A-81A9-4B2F-BCFF-2448A5DD1D94 
035 |a urn:nbn:sk:snk-amk0jv 
035 |a urn:nbn:sk:snk-am00885p 
040 |a SNK  |b slo  |c SNK  |e AACR2 
041 0 |a slo 
044 |a xo  |c SK 
072 7 |a 579  |x Mikrobiológia  |2 konspekt 
080 |a 579  |2 2001 
080 |a 616-07  |2 2001 
080 |a (075.8)  |2 2001 
080 |a (076.5)  |2 2001 
100 1 |a Slobodníková, Lívia,  |d 1965-  |4 aut  |9 224229 
245 1 0 |a Príručka na praktické cvičenia z mikrobiológie  |b teoretický úvod  |c Lívia Slobodníková a kolektív 
250 |a 3. vyd. 
260 |a Bratislava  |b Univerzita Komenského  |c 2013 
300 |a 161 s.  |b tab.  |c 29 cm 
366 |e 600 výt. 
504 |a Bibliogr.: s. 161 
650 0 7 |a mikrobiológia  |2 SNKPH  |9 3580 
650 0 7 |a Microbiology  |2 SNKPHeng  |9 270714 
650 0 7 |a diagnostika (medicína)  |2 SNKPH  |9 28740 
650 0 7 |a Medical diagnostics  |2 SNKPHeng  |9 268685 
655 7 |a učebnice vysokých škôl  |2 SNKPH  |9 70191 
655 7 |a praktické cvičenia  |2 SNKPH  |9 70517 
655 7 |a Textbooks (higher)  |2 SNKPHeng  |9 276436 
655 7 |a Problems, exercises, etc.  |2 SNKPHeng  |9 278342 
700 1 |a Kotulová, Daniela,  |d 1939-  |4 aut  |9 150799 
700 1 |a Longauerová, Andrea  |4 aut  |9 412866 
700 1 |a Petrovičová, Anna  |4 aut  |9 5421 
700 1 |a Šimkovičová, Magda  |4 aut  |9 333008 
700 1 |a Záborská, Magdaléna,  |d 1959-  |4 aut  |9 224231 
852 |a Štátna vedecká knižnica v Banskej Bystrici 
919 |a 978-80-223-3405-1 
958 |a NB 
999 |c 667321  |d 669251 
952 |a SNK  |b SNK  |y PREZ  |7 0  |p 17A1081052  |o snkSB 85465  |i snk2013/19596  |8 0  |0 0  |1 0  |4 0  |d 2013-08-21  |f 1  |l 0  |r 2025-05-09 00:00:00  |w 2026-02-23 
952 |a SNK  |b SNK  |y VYP  |7 0  |p 17A1081051  |o snkSB 85465 D1  |i snk2013/19597  |8 0  |0 0  |1 0  |4 0  |d 2013-08-21  |l 0  |r 2016-06-30 00:00:00  |w 2026-02-23